| 000 | 00520nam a22001937a 4500 | ||
|---|---|---|---|
| 003 | OSt | ||
| 005 | 20240530110422.0 | ||
| 008 | 150312s1993 ua acbof 000 0 eng d | ||
| 040 |
_aEG-CaGPL _cEG-CaGPL |
||
| 082 | 0 | 4 |
_221 _a641.3373 _bCH/D W |
| 100 | _aDavis , Vivienne | ||
| 245 | 1 | 4 |
_aThe World of coffee / _bVivienne Davis |
| 250 | _aed. 1 | ||
| 260 |
_aCairo : _bElisa Hoopoe , _c1993. |
||
| 300 |
_a32 p. : _bill. (chiefly col.) ; _c24 cm. |
||
| 650 | 0 | _aCoffee | |
| 942 |
_2ddc _cBK |
||
| 999 |
_c60672 _d60672 |
||